| Tag |
First Indicator |
Second Indicator |
Subfields |
| LEADER |
00000cam a2200000 4500 |
| 001 |
in00001925162 |
| 006 |
m | d | |
| 007 |
cr |n||||||||n |
| 008 |
791208s1756 stk|||| s 00||||eng d |
| 005 |
20260406204826.0 |
| 035 |
|
|
|a (CStRLIN)ESTCT71709
|
| 040 |
|
|
|a Uk-ES
|c Uk-ES
|d CStRLIN
|d Thomson Gale
|d UtOrBLW
|
| 100 |
0 |
|
|a Blind Hary,
|d active 1470-1492.
|
| 240 |
1 |
0 |
|a Wallace.
|f 1939
|
| 245 |
1 |
4 |
|a The life and acts of the most famous and valiant champion Sir William Wallace :
|b Knight of Ellerslie; maintainer of the liberty of Scotland. ...
|
| 264 |
|
3 |
|a Glasgow :
|b printed by Archibald M'Lean. Sold by the booksellers,
|c 1756.
|
| 300 |
|
|
|a xvi, 296, that is, 295 pages, 1 unnumbered page ;
|c 12⁰.
|
| 336 |
|
|
|a text
|b txt
|2 rdacontent
|
| 337 |
|
|
|a computer
|b c
|2 rdamedia
|
| 338 |
|
|
|a online resource
|b cr
|2 rdacarrier
|
| 500 |
|
|
|a The author named in the preface as "blind Hary", i.e. Henry, the Minstrel.
|
| 500 |
|
|
|a Based on the Latin prose history of Wallace by John Blair.
|
| 500 |
|
|
|a P.295 misnumbered 296.
|
| 500 |
|
|
|a Reproduction of original from the British Library.
|
| 510 |
4 |
|
|a English Short Title Catalog,
|c ESTCT71709.
|
| 533 |
|
|
|a Electronic reproduction.
|b Farmington Hills, Mich. :
|c Thomson Gale,
|d 2003.
|n Available via the World Wide Web.
|n Access limited by licensing agreements
|7 s2003 miunns
|
| 500 |
|
|
|a Electronic resource.
|
| 830 |
|
0 |
|a Eighteenth century collections online.
|
| 856 |
4 |
0 |
|u http://proxy.library.tamu.edu/login?url=https://galenet.galegroup.com/servlet/ECCO?c=1&stp=Author&ste=11&af=BN&ae=T071709&tiPG=1&dd=0&dc=flc&docNum=CW112210517&vrsn=1.0&srchtp=a&d4=0.33&n=10&SU=0LRK&locID=txshracd2898
|z Full text online
|t 0
|
| 999 |
|
|
|a MARS
|
| 999 |
f |
f |
|s b8bc267c-0c41-3319-bade-d6c41dd73917
|i f609ec8f-d365-3abb-8431-46481df80aea
|t 0
|
| 952 |
f |
f |
|a Texas A&M University
|b College Station
|c Electronic Resources
|s www_evans
|d Available Online
|t 0
|h No information provided
|
| 998 |
f |
f |
|t 0
|l Available Online
|